000 00535nmm a2200169Ia 4500
008 251105s9999||||xx |||||||||||||||||und||
020 _a9786071684059
041 _aspa
100 _aFernández Vázquez, Eugenio
245 0 _aUn amor por encima de todo
264 _a[México D.C., Mexico] :
_bFondo de Cultura Económica,
_c2025
300 _a40 páginas
490 _aLos Especiales de A la Orilla del Viento
650 _aTeen & Young Adult Fiction
856 _uhttps://public.digitaliapublishing.com/a/180522
942 _cCF
999 _c75709
_d75709